[Event "Ruhrgebiet Verbandsliga Gruppe 2 1415"]
[Site "Germany"]
[Date "2014.10.19"]
[Round "2.7"]
[White "Strathoff, Dirk"]
[Black "Pruefer, Wolfgang"]
[Result "0-1"]
[WhiteElo "1915"]
[BlackElo "2003"]
[PlyCount "72"]
[EventDate "2014.09.21"]
[EventType "team-tourn"]
[EventRounds "9"]
[EventCountry "GER"]
[SourceTitle "EXT 2022"]
[Source "ChessBase"]
[SourceDate "2021.10.06"]
[SourceVersion "1"]
[SourceVersionDate "2021.10.06"]
[SourceQuality "1"]
[WhiteTeam "Brackel SF II"]
[BlackTeam "Oberhausen SV II"]
[WhiteTeamCountry "GER"]
[BlackTeamCountry "GER"]

1. c4 c5 2. Nc3 g6 3. b3 Bg7 4. Bb2 b6 5. Nf3 Bb7 6. e3 Nf6 7. Be2 0-0 8. 0-0 Nc6 9. d3 d5 10. cxd5 Nxd5 11. Qd2 e5 12. Rfd1 Nxc3 13. Qxc3 Qe7 14. Rac1 Nb4 15. Ra1 Nd5 16. Qc2 Rac8 17. a3 Rfd8 18. Nd2 h6 19. Bg4 f5 20. Bf3 Qg5 21. g3 h5 22. Bg2 Nxe3 23. fxe3 Qxe3+ 24. Kh1 Bxg2+ 25. Kxg2 Qe2+ 26. Kh1 Rxd3 27. Bc3 Rcd8 28. Re1 Qf2 29. Rf1 Qe3 30. Nb1 Kh7 31. Ra2 Rd1 32. Kg2 Rxf1 33. Kxf1 Qf3+ 34. Ke1 Qh1+ 35. Kf2 Qxh2+ 36. Kf3 e4+ 0-1

[Event "Ruhrgebiet Verbandsliga2 1213"]
[Site "Nordrheinwestfalen"]
[Date "2012.12.02"]
[Round "4.6"]
[White "Pruefer, Wolfgang"]
[Black "Salzmann, Juergen"]
[Result "1-0"]
[WhiteElo "1993"]
[BlackElo "1868"]
[PlyCount "39"]
[EventDate "2012.09.02"]
[EventType "team-tourn"]
[EventRounds "9"]
[EventCountry "GER"]
[SourceTitle "EXT 2020"]
[Source "ChessBase"]
[SourceDate "2019.10.17"]
[SourceVersion "1"]
[SourceVersionDate "2019.10.17"]
[SourceQuality "1"]
[WhiteTeam "Oberhausen SV II"]
[BlackTeam "Mengede SG"]
[WhiteTeamCountry "GER"]
[BlackTeamCountry "GER"]

1. d4 f5 2. Bf4 Nf6 3. e3 e6 4. Bd3 Be7 5. Nf3 b6 6. h3 Bb7 7. Nbd2 Ne4 8. Qe2 d6 9. 0-0-0 Qd7 10. Rhg1 Nxd2 11. Rxd2 Nc6 12. e4 fxe4 13. Bxe4 d5 14. Bd3 0-0 15. Bg5 Rxf3 16. gxf3 Bxg5 17. Rxg5 Nxd4 18. Bxh7+ Kxh7 19. Rxd4 Rh8 20. Rdg4 1-0

[Event "Ruhrgebiet VL2 0910"]
[Site "Germany"]
[Date "2009.10.25"]
[Round "3.5"]
[White "Wloka, Sebastian"]
[Black "Pruefer, Wolfgang"]
[Result "1-0"]
[WhiteElo "1872"]
[BlackElo "2029"]
[PlyCount "77"]
[EventDate "2009.09.06"]
[EventType "team-tourn"]
[EventRounds "9"]
[EventCountry "GER"]
[SourceTitle "EXT 2011"]
[Source "ChessBase"]
[SourceDate "2010.11.26"]
[SourceVersion "1"]
[SourceVersionDate "2010.11.26"]
[SourceQuality "1"]
[WhiteTeam "Eichlinghofen SV"]
[BlackTeam "Oberhausen II"]
[WhiteTeamCountry "GER"]
[BlackTeamCountry "GER"]

1. d4 d5 2. c4 e6 3. Nc3 f5 4. Bf4 c6 5. e3 Nf6 6. h3 Bd6 7. Bxd6 Qxd6 8. Bd3 0-0 9. Nge2 a5 10. Qc2 Na6 11. a3 Bd7 12. c5 Qe7 13. Na4 e5 14. dxe5 Qxe5 15. 0-0 Ne4 16. Rab1 Rf7 17. Nb6 Raf8 18. Nxd7 Rxd7 19. b4 axb4 20. axb4 Nc7 21. Nd4 f4 22. Nf3 Qe8 23. exf4 Rxf4 24. Rbe1 Re7 25. Re2 Nf6 26. Rxe7 Qxe7 27. Qd2 Nh5 28. Re1 Qf6 29. Ne5 g6 30. g3 Rd4 31. Qc3 Ne6 32. Ng4 Qf3 33. Re3 Qd1+ 34. Kh2 Nhg7 35. Qa3 h5 36. Qa8+ Nf8 37. Nf6+ Kf7 38. Qxb7+ Kxf6 39. Qe7# 1-0

[Event "Ruhrgebiet VK1 0708"]
[Site "Germany"]
[Date "2008.04.06"]
[Round "8.2"]
[White "Pruefer, Wolfgang"]
[Black "Bense, Dirk"]
[Result "1/2-1/2"]
[WhiteElo "2236"]
[BlackElo "1972"]
[PlyCount "30"]
[EventDate "2007.09.16"]
[EventType "team"]
[EventRounds "9"]
[EventCountry "GER"]
[SourceTitle "EXT 2009"]
[Source "ChessBase"]
[SourceDate "2008.11.26"]
[SourceVersion "1"]
[SourceVersionDate "2008.11.26"]
[SourceQuality "1"]
[WhiteTeam "Oberhausen II"]
[BlackTeam "Brackel III"]
[WhiteTeamCountry "GER"]
[BlackTeamCountry "GER"]

1. d4 Nf6 2. Nf3 g6 3. Bf4 Bg7 4. e3 0-0 5. h3 d6 6. Be2 c5 7. Nbd2 Nc6 8. c3 cxd4 9. exd4 Re8 10. Nc4 Nd5 11. Bc1 e5 12. 0-0 Be6 13. Ne3 exd4 14. Nxd4 Nxd4 15. cxd4 Nxe3 1/2-1/2

[Event "Ruhrgebiet VK1 0708"]
[Site "Germany"]
[Date "2007.12.09"]
[Round "4.2"]
[White "Pruefer, Wolfgang"]
[Black "Wallhof, Dieter"]
[Result "1/2-1/2"]
[WhiteElo "2236"]
[BlackElo "2064"]
[PlyCount "36"]
[EventDate "2007.09.16"]
[EventType "team"]
[EventRounds "9"]
[EventCountry "GER"]
[SourceTitle "EXT 2009"]
[Source "ChessBase"]
[SourceDate "2008.11.26"]
[SourceVersion "1"]
[SourceVersionDate "2008.11.26"]
[SourceQuality "1"]
[WhiteTeam "Oberhausen II"]
[BlackTeam "Welper SV II"]
[WhiteTeamCountry "GER"]
[BlackTeamCountry "GER"]

1. d4 Nf6 2. Nf3 d5 3. Bf4 c5 4. e3 Nc6 5. c3 Qb6 6. Qb3 c4 7. Qxb6 axb6 8. Be2 Bf5 9. 0-0 e6 10. Nbd2 b5 11. a3 h6 12. h3 g5 13. Bg3 Be7 14. Rfe1 0-0 15. Rac1 Rad8 16. Bd1 Ne4 17. Nxe4 Bxe4 18. Nd2 Bd6 1/2-1/2

[Event "Ruhrgebiet VK1 0405"]
[Site "Ruhrgebiet"]
[Date "2005.01.30"]
[Round "6.2"]
[White "Pruefer, Wolfgang"]
[Black "Prass, Marian"]
[Result "1-0"]
[WhiteElo "2103"]
[BlackElo "1917"]
[PlyCount "81"]
[EventDate "2004.09.12"]
[EventType "team"]
[EventRounds "9"]
[EventCountry "GER"]
[SourceTitle "EXT 2006"]
[Source "ChessBase"]
[SourceDate "2005.11.24"]
[SourceVersion "1"]
[SourceVersionDate "2005.11.24"]
[SourceQuality "1"]
[WhiteTeam "Oberhausen II"]
[BlackTeam "Altenessen II"]
[WhiteTeamCountry "GER"]
[BlackTeamCountry "GER"]

1. d4 g6 2. Nf3 Bg7 3. e3 d6 4. Be2 Nd7 5. 0-0 e5 6. c4 Ngf6 7. Nc3 0-0 8. b4 c6 9. Bb2 Qe7 10. Rc1 e4 11. Nd2 Re8 12. Re1 a6 13. f4 h5 14. Qb3 Qe6 15. a4 Qf5 16. a5 Rb8 17. Qa4 Kh7 18. Ba3 c5 19. bxc5 dxc5 20. d5 Bf8 21. Qc2 Bd6 22. g3 b6 23. Bf1 h4 24. Bg2 hxg3 25. hxg3 Qg4 26. Ndxe4 Bf8 27. Ng5+ Kg8 28. Qf2 Nh5 29. Ne2 Qf5 30. e4 Qf6 31. Bf3 Ng7 32. Qh2 Nh5 33. g4 Bh6 34. e5 Qe7 35. gxh5 Bxg5 36. hxg6 fxg6 37. e6 Nf8 38. fxg5 Qxg5+ 39. Qg3 Qe3+ 40. Kg2 Re7 41. Qxb8 1-0

[Event "Ruhrgebiet VK1 0405"]
[Site "Ruhrgebiet"]
[Date "2004.11.28"]
[Round "4.2"]
[White "Pruefer, Wolfgang"]
[Black "Boehm, Ingo"]
[Result "1-0"]
[WhiteElo "2103"]
[BlackElo "2078"]
[PlyCount "75"]
[EventDate "2004.09.12"]
[EventType "team"]
[EventRounds "9"]
[EventCountry "GER"]
[SourceTitle "EXT 2006"]
[Source "ChessBase"]
[SourceDate "2005.11.24"]
[SourceVersion "1"]
[SourceVersionDate "2005.11.24"]
[SourceQuality "1"]
[WhiteTeam "Oberhausen II"]
[BlackTeam "Bochum-Linden"]
[WhiteTeamCountry "GER"]
[BlackTeamCountry "GER"]

1. d4 Nf6 2. Nf3 g6 3. Bf4 Bg7 4. e3 d6 5. h3 0-0 6. Nbd2 Nbd7 7. Be2 Qe8 8. 0-0 e5 9. Bh2 Qe7 10. c4 Ne8 11. Rc1 f5 12. b4 g5 13. Nb3 f4 14. exf4 gxf4 15. Bd3 exd4 16. Nbxd4 Ne5 17. Bb1 c5 18. bxc5 dxc5 19. Nb3 Nc7 20. Re1 Nxf3+ 21. Qxf3 Qg5 22. Be4 Rb8 23. Na5 Kh8 24. Bxb7 Rxb7 25. Nxb7 Ne6 26. Nd6 Nd4 27. Qd5 Qg6 28. Bxf4 Bxh3 29. Bg3 Be6 30. Qxc5 h5 31. Re4 Nf5 32. Nxf5 Bxf5 33. Re5 h4 34. Bxh4 Bxe5 35. Qxf8+ Kh7 36. Re1 Be4 37. Qe7+ Kh6 38. Qg5+ 1-0

[Event "Ruhrgebiet VK2 0304"]
[Site "Ruhrgebiet"]
[Date "2004.04.25"]
[Round "9.2"]
[White "Euting, Werner"]
[Black "Pruefer, Wolfgang"]
[Result "1/2-1/2"]
[WhiteElo "1799"]
[BlackElo "2098"]
[PlyCount "46"]
[EventDate "2003.09.28"]
[EventType "team"]
[EventRounds "9"]
[EventCountry "GER"]
[SourceTitle "EXT 2007"]
[Source "ChessBase"]
[SourceDate "2006.11.23"]
[SourceVersion "1"]
[SourceVersionDate "2006.11.23"]
[SourceQuality "1"]
[WhiteTeam "Essen Borbeck II"]
[BlackTeam "Oberhausen II"]
[WhiteTeamCountry "GER"]
[BlackTeamCountry "GER"]

1. d4 d5 2. Nf3 e6 3. Bf4 f5 4. e3 Nf6 5. c4 c6 6. Nc3 Bd6 7. Ne5 0-0 8. Be2 b6 9. Rc1 Bb7 10. 0-0 Qe7 11. a3 Bxe5 12. Bxe5 Nbd7 13. Bg3 Ne4 14. Nxe4 dxe4 15. b4 Rad8 16. Qb3 Kh8 17. c5 e5 18. dxe5 Nxe5 19. Qc3 Nd3 20. Bd6 Nxc1 21. Rxc1 Rxd6 22. cxd6 Qxd6 23. Rd1 Qe7 1/2-1/2

[Event "Ruhrgebiet VK2 0304"]
[Site "Ruhrgebiet"]
[Date "2004.02.08"]
[Round "6.2"]
[White "Pruefer, Wolfgang"]
[Black "Horn, Christian"]
[Result "1/2-1/2"]
[WhiteElo "2098"]
[BlackElo "1944"]
[PlyCount "150"]
[EventDate "2003.09.28"]
[EventType "team"]
[EventRounds "9"]
[EventCountry "GER"]
[SourceTitle "EXT 2007"]
[Source "ChessBase"]
[SourceDate "2006.11.23"]
[SourceVersion "1"]
[SourceVersionDate "2006.11.23"]
[SourceQuality "1"]
[WhiteTeam "Oberhausen II"]
[BlackTeam "Muelheim Nord III"]
[WhiteTeamCountry "GER"]
[BlackTeamCountry "GER"]

1. c4 e6 2. Nc3 d5 3. d4 Nf6 4. cxd5 exd5 5. Bg5 Be7 6. e3 c6 7. Bd3 0-0 8. Qc2 Nbd7 9. Nge2 Re8 10. 0-0 Nf8 11. Rab1 Ne4 12. Bxe7 Qxe7 13. b4 a6 14. a4 Bf5 15. Ng3 Nxg3 16. hxg3 Bxd3 17. Qxd3 Qg5 18. Ne2 h5 19. Nf4 h4 20. gxh4 Qxh4 21. g3 Qh7 22. Qxh7+ Kxh7 23. b5 axb5 24. axb5 Ne6 25. bxc6 bxc6 26. Rb6 Nxf4 27. gxf4 Re6 28. Rc1 Rc8 29. Kg2 Kg6 30. Kf3 Rc7 31. Rg1+ Kf6 32. Rc1 g6 33. Rc5 Rd6 34. Kg4 Kg7 35. Ra5 f5+ 36. Kf3 Kf6 37. Rc5 Ke6 38. Rb8 Kf7 39. Rh8 Kg7 40. Rb8 Kf7 41. Kg3 Kf6 42. Ra8 Ke6 43. Rca5 Kf6 44. R8a7 Rdd7 45. Rxc7 Rxc7 46. Kf3 Ke6 47. Ke2 Rb7 48. Ra6 Kd6 49. Ra8 Ke6 50. Rg8 Kf7 51. Rc8 Rb6 52. Kf3 Kf6 53. Kg3 Kf7 54. Kh4 Kf6 55. Rc7 Ra6 56. Kg3 Rb6 57. Kf3 Ke6 58. Ke2 Kf6 59. Kd3 Rb3+ 60. Kc2 Rb6 61. Kc3 Ke6 62. Ra7 Kf6 63. Ra8 Ke6 64. Rh8 Kf6 65. Rh7 Ke6 66. Rc7 Kf6 67. Kd3 Rb3+ 68. Ke2 Rb6 69. Kf3 Ke6 70. Kg3 Kf6 71. Kh4 Ra6 72. Rb7 Ra2 73. Rb6 Rc2 74. Kg3 Ke6 75. Kg2 Kf6 1/2-1/2

[Event "Ruhrgebiet Regionalliga 0001"]
[Site "Ruhrgebiet"]
[Date "2000.10.15"]
[Round "2"]
[White "Hoehensteiger, Patrick"]
[Black "Pruefer, Wolfgang"]
[Result "1/2-1/2"]
[WhiteElo "1995"]
[BlackElo "2084"]
[PlyCount "83"]
[EventDate "2000.09.17"]
[EventType "team-tourn"]
[EventRounds "11"]
[EventCountry "GER"]
[SourceTitle "EXT 2024"]
[Source "ChessBase"]
[SourceDate "2023.10.10"]
[SourceVersion "1"]
[SourceVersionDate "2023.10.10"]
[SourceQuality "1"]
[WhiteTeam "Muelheim Nord II"]
[BlackTeam "Oberhausen SV"]
[WhiteTeamCountry "GER"]
[BlackTeamCountry "GER"]

1. c4 c6 2. g3 d5 3. Bg2 Nf6 4. Nf3 Bf5 5. cxd5 Nxd5 6. 0-0 g6 7. d3 Bc8 8. e4 Nc7 9. d4 Bg7 10. Nc3 0-0 11. h3 Nd7 12. Be3 Nb6 13. b3 f5 14. Rc1 fxe4 15. Nxe4 Nbd5 16. Qe2 Bf5 17. Ne5 Qc8 18. Kh2 Rb8 19. Nc5 Qd8 20. Bg5 Bf6 21. Bh6 Re8 22. g4 Bc8 23. f4 Nb5 24. Qd3 Nb4 25. Qc4+ Nd5 26. a4 Nbc7 27. Qe2 e6 28. Ne4 Bg7 29. Bxg7 Kxg7 30. Ng5 Rf8 31. Qe4 Qf6 32. Nd3 h6 33. Nf3 Bd7 34. Nfe5 Be8 35. Rf2 Rd8 36. b4 Qh4 37. g5 hxg5 38. Nf3 Qh5 39. Qe5+ Kg8 40. fxg5 Rf5 41. Qg3 Na6 42. Nc5 1/2-1/2